<?xml version="1.0" encoding="UTF-8"?>
<marc:record xmlns:marc="http://www.loc.gov/MARC21/slim">
   <marc:leader>00000nam a2200000 a 4500</marc:leader>
   <marc:datafield ind1="1" ind2=" " tag="100">
      <marc:subfield code="a">Peinkofer, Michael</marc:subfield>
      <marc:subfield code="4">aut</marc:subfield>
      <marc:subfield code="e">Verfasser/-in</marc:subfield>
   </marc:datafield>
   <marc:datafield ind1=" " ind2=" " tag="653">
      <marc:subfield code="a">Antolin</marc:subfield>
   </marc:datafield>
   <marc:datafield ind1=" " ind2=" " tag="653">
      <marc:subfield code="a">Kinderbande</marc:subfield>
   </marc:datafield>
   <marc:datafield ind1=" " ind2=" " tag="653">
      <marc:subfield code="a">Klasse-3</marc:subfield>
   </marc:datafield>
   <marc:datafield ind1=" " ind2=" " tag="653">
      <marc:subfield code="a">Roboter</marc:subfield>
   </marc:datafield>
   <marc:datafield ind1=" " ind2=" " tag="653">
      <marc:subfield code="a">Weltall</marc:subfield>
   </marc:datafield>
   <marc:datafield ind1=" " ind2=" " tag="653">
      <marc:subfield code="a">Monsterkanone</marc:subfield>
   </marc:datafield>
   <marc:datafield ind1="0" ind2="0" tag="245">
      <marc:subfield code="a">Die Weltraumfalle</marc:subfield>
   </marc:datafield>
   <marc:datafield ind1=" " ind2="1" tag="264">
      <marc:subfield code="b">Carlsen</marc:subfield>
      <marc:subfield code="c">2016</marc:subfield>
   </marc:datafield>
   <marc:datafield ind1="1" ind2=" " tag="490">
      <marc:subfield code="a">Sternenritter</marc:subfield>
   </marc:datafield>
   <marc:datafield ind1="1" ind2=" " tag="520">
      <marc:subfield code="a">Ausgerechnet während seines Fußballtrainings beginnt Bens galaktischer Dimensor zu piepsen ... Seufzend macht er sich auf den Weg zur Sternenburg, denn es hilft alles nichts - im Weltall wird dringend die Hilfe der jungen Sternenritter benötigt. Diesmal verschwinden in der Nähe des Planeten Myrca Raumschiffe - spurlos! Als Ben gemeinsam mit seinen Freunden Sammy und Mia am Tatort ankommen, stoßen sie auf eine Monsterkanone der fiesen Robotroxe und auf eine fremde, erfahrene Sternenritterin. Der sind die jungen Sternenritter zunächst ziemlich lästig, doch mit der Zeit stellt sie fest, dass sie im Kampf gegen Atrox dringend auf die 3 halbwüchsigen Erdenbewohner angewiesen ist ... Die Zerstörung der Monsterkanone gelingt, doch Atrox schwört Rache - mit Band 7 geht die actionreiche Weltraum-Reihe für coole Grundschuljungs weiter.</marc:subfield>
   </marc:datafield>
   <marc:datafield ind1=" " ind2=" " tag="020">
      <marc:subfield code="a">9783551652362</marc:subfield>
      <marc:subfield code="9">9783551652362</marc:subfield>
   </marc:datafield>
</marc:record>
